000
00214 a2200109 4500
020
_a
0-02-108713-x/4
041
_a
spa
100
_a
hoffer, alan r.
245
_a
matematicas en accion
942
_c
BK
952
_7
1
999
_c
18228
_d
18228